Normal view MARC view

Entry Personal Name

Number of records used in: 1

001 - CONTROL NUMBER

  • control field: 1238047

003 - CONTROL NUMBER IDENTIFIER

  • control field: OSt

005 - DATE AND TIME OF LATEST TRANSACTION

  • control field: 20260430150629.0

008 - FIXED-LENGTH DATA ELEMENTS

  • fixed length control field: 260430|| aca||aabn | a|a d

040 ## - CATALOGING SOURCE

  • Original cataloging agency: OSt
  • Transcribing agency: OSt

100 ## - HEADING--PERSONAL NAME

  • Personal name: Malhotra Kanupriya Au.; Sharma Urvashi Gu

670 ## - SOURCE DATA FOUND

  • Source citation: Work cat.: (OSt)1850252: Malhotra Kanupriya Au.; Sharma Urvashi Gu., Employer Branding and its Impact on Perception of Potential Job Applications – with Reference to Selected Business Schools of National Capital Region, 2024
Copyright @ Delhi University Library System